L'unico e la sua proprietà / (Record n. 336979)
[ formato base ]
| 000 -LEADER | |
|---|---|
| fixed length control field | 00923nam a2200289Ia 4500 |
| 001 - CONTROL NUMBER | |
| control field | 126-STI ma un (17825) |
| 003 - CONTROL NUMBER IDENTIFIER | |
| control field | IT-MiSPE |
| 005 - DATE AND TIME OF LATEST TRANSACTION | |
| control field | 20180507174843.0 |
| 008 - FIXED-LENGTH DATA ELEMENTS--GENERAL INFORMATION | |
| fixed length control field | 171229s9999||||xx |||||||||||||| ||und|| |
| 040 ## - CATALOGING SOURCE | |
| Original cataloging agency | IT-MiSPE |
| Transcribing agency | IT-MiSPE |
| 041 ## - LANGUAGE CODE | |
| Language code of text/sound track or separate title | ita |
| 082 ## - DEWEY DECIMAL CLASSIFICATION NUMBER | |
| Classification number | 126-STI ma un (17825) |
| 999 ## - SYSTEM CONTROL NUMBERS (KOHA) | |
| Koha Dewey Subclass [OBSOLETE] | NO |
| 100 ## - MAIN ENTRY--PERSONAL NAME | |
| Personal name | Stirner, Max |
| Dates associated with a name | 1806-1856 |
| Fuller form of name | Schmidt, Johann Kaspar |
| 9 (RLIN) | 57084 |
| 240 ## - UNIFORM TITLE | |
| Uniform title | Der Einzige und sein Eigentum |
| 245 #0 - TITLE STATEMENT | |
| Title | L'unico e la sua proprietà / |
| Remainder of title | L'uomo anarchico |
| 250 ## - EDITION STATEMENT | |
| Edition statement | 1a ed. (v) |
| 260 ## - PUBLICATION, DISTRIBUTION, ETC. (IMPRINT) | |
| Place of publication, distribution, etc. | Bussolengo (VR) |
| Name of publisher, distributor, etc. | Demetra |
| Date of publication, distribution, etc. | 1996 |
| 300 ## - PHYSICAL DESCRIPTION | |
| Extent | 415 p. |
| Dimensions | 20 cm |
| 490 ## - SERIES STATEMENT | |
| Series statement | Acquarelli |
| Volume/sequential designation | 107 |
| 500 ## - GENERAL NOTE | |
| General note | Personalità |
| 501 ## - WITH NOTE | |
| With note | Edizioni San Paolo srl - Piazza Soncino, 5 - 20092 CINISELLO BALSAMO (MI) (non commercial uses only) ® Copyright 2018 |
| 520 ## - SUMMARY, ETC. | |
| Summary, etc. | FA |
| 655 ## - INDEX TERM--GENRE/FORM | |
| Genre/form data or focus term | Filosofia |
| General subdivision | Anarchismo |
| 9 (RLIN) | 57085 |
| 700 ## - ADDED ENTRY--PERSONAL NAME | |
| Personal name | Luca Michelini (pres.) |
| 9 (RLIN) | 57086 |
| 942 ## - ADDED ENTRY ELEMENTS (KOHA) | |
| Koha item type | LIBRO |
| Source of classification or shelving scheme | Dewey Decimal Classification |
| Withdrawn status | Lost status | Source of classification or shelving scheme | Damaged status | Not for loan | Home library | Current library | Date acquired | Total Checkouts | Full call number | Date last seen | Price effective from | Koha item type | Public note |
|---|---|---|---|---|---|---|---|---|---|---|---|---|---|
| Dewey Decimal Classification | Buone Condizioni | Not For Loan | CINISELLO | CINISELLO | 30/12/2017 | 126-STI ma un (17825) | 30/12/2017 | 30/12/2017 | LIBRO | (data import: 20 dicembre 2017) - By Epidotti, Vaglietti. |